MDQL
is popping MORE tags! Check the
thread
!
Quizzes
Events
Quiz Creation
Community
Videos
Private Events
Remove Ads
Sign In
Join for FREE
Feedback
Dark Mode
Quiz Categories
Sports
Geography
Music
Movies
Television
Just For Fun
Miscellaneous
History
Literature
Language
Science
Gaming
Entertainment
Religion
Holiday
For Kids
Quiz Lab
Recent
Popular Today
Quiz Kudos Today
Editor Picks
Curator Picks
Quizzes by...
Day
Popularity
Type
Ratings
Length
Year
Community
Subscriptions
Recent Discussions
Orange Saloon
Badges
Playlists
Quests
Create
Leaderboards
Showdown
Live 5
Trivia Bingo
Activity
Puzzle Library
Sporcle Events
Private Events
Virtual Trivia
Globe League
Become a Host
Pub Owners
SporcleCon
Opinionation
Our Games
Videos
Blog
Mobile Apps
Partnerships
Remove Ads and Go Orange
Feedback
Sports
Athletes
MLB
NBA
NHL
NFL
Soccer
Sports Teams
WWE
NCAA
Football
Premier League
Basketball
Baseball
Hockey
Golf
Tennis
Cricket
Rugby
Auto Racing
Olympics
World Cup
Sports
Athletes
MLB
NBA
NHL
NFL
Soccer
Sports Teams
WWE
NCAA
Football
Premier League
Basketball
Baseball
Hockey
Golf
Tennis
Cricket
Rugby
Auto Racing
Olympics
World Cup
Random Quiz
Search Sporcle
×
Quiz Lab
Quiz Lab
Sports
Football
Type in answers that appear in a list
Type in answers that appear in a list
Classic
Best Score? Go Orange.
France Football Winners Stats
Can you name the France Football Winners?
By
lucianochorolque
10m
84 Questions
222 Plays
222 Plays
222 Plays
Comments
Comments
Give Quiz Kudos
Give Quiz Kudos
-
- Ratings
hide this ad
Replay
Link that replays current quiz
Next Quiz
Link to next quiz in quiz playlist
You Got
0%
They Got
Avg Score
69%
Avg Friend Score
Upgrade to see
Score Distribution
Jump to the score distribution portion of the page
Score
0/84
Timer
10:00
0
Plays Today
Year
Champion
% Correct
2020-
2021
Lille
100%
1935-
1936
RC Paris
96.8%
1936-
1937
Olympique de Marseille
92.8%
1947-
1948
Olympique de Marseille
92.8%
1970-
1971
Olympique de Marseille
92.8%
1971-
1972
Olympique de Marseille
92.8%
1988-
1989
Olympique de Marseille
92.8%
1989-
1990
Olympique de Marseille
92.8%
1990-
1991
Olympique de Marseille
92.8%
1991-
1992
Olympique de Marseille
92.8%
2009-
2010
Olympique de Marseille
92.8%
1985-
1986
Paris Saint-Germain
91.4%
1993-
1994
Paris Saint-Germain
91.4%
2012-
2013
Paris Saint-Germain
91.4%
2013-
2014
Paris Saint-Germain
91.4%
2014-
2015
Paris Saint-Germain
91.4%
2015-
2016
Paris Saint-Germain
91.4%
2017-
2018
Paris Saint-Germain
91.4%
2018-
2019
Paris Saint-Germain
90%
2019-
2020
Paris Saint-Germain
90%
2021-
2022
Paris Saint-Germain
90%
2022-
2023
Paris Saint-Germain
90%
1960-
1961
AS Monaco
88.7%
1962-
1963
AS Monaco
88.7%
1977-
1978
AS Monaco
88.7%
1981-
1982
AS Monaco
88.7%
1987-
1988
AS Monaco
88.7%
1996-
1997
AS Monaco
88.7%
Year
Champion
% Correct
1999-
2000
AS Monaco
88.7%
2016-
2017
AS Monaco
88.7%
2001-
2002
Olympique Lyonnais
84.2%
2002-
2003
Olympique Lyonnais
84.2%
2003-
2004
Olympique Lyonnais
84.2%
2004-
2005
Olympique Lyonnais
84.2%
2005-
2006
Olympique Lyonnais
84.2%
2006-
2007
Olympique Lyonnais
84.2%
2007-
2008
Olympique Lyonnais
84.2%
1964-
1965
FC Nantes
83.3%
1965-
1966
FC Nantes
83.3%
1972-
1973
FC Nantes
83.3%
1976-
1977
FC Nantes
83.3%
1979-
1980
FC Nantes
83.3%
1982-
1983
FC Nantes
83.3%
1994-
1995
FC Nantes
83.3%
2000-
2001
FC Nantes
83.3%
1949-
1950
F. C. Girondins de Bordeaux
82.4%
1983-
1984
F. C. Girondins de Bordeaux
82.4%
1984-
1985
F. C. Girondins de Bordeaux
82.4%
1986-
1987
F. C. Girondins de Bordeaux
82.4%
1998-
1999
F. C. Girondins de Bordeaux
82.4%
2008-
2009
F. C. Girondins de Bordeaux
82.4%
1956-
1957
AS Saint-Etienne
74.8%
1963-
1964
AS Saint-Etienne
74.8%
1966-
1967
AS Saint-Etienne
74.8%
1967-
1968
AS Saint-Etienne
74.8%
1968-
1969
AS Saint-Etienne
74.8%
Year
Champion
% Correct
1969-
1970
AS Saint-Etienne
74.8%
1973-
1974
AS Saint-Etienne
74.8%
1974-
1975
AS Saint-Etienne
74.8%
1975-
1976
AS Saint-Etienne
74.8%
1980-
1981
AS Saint-Etienne
74.8%
1997-
1998
RC Lens
72.1%
1948-
1949
Stade de Reims
60.8%
1952-
1953
Stade de Reims
60.8%
1954-
1955
Stade de Reims
60.8%
1957-
1958
Stade de Reims
60.8%
1959-
1960
Stade de Reims
60.8%
1961-
1962
Stade de Reims
60.8%
1950-
1951
OGC Nice
49.5%
1951-
1952
OGC Nice
49.5%
1955-
1956
OGC Nice
49.5%
1958-
1959
OGC Nice
49.5%
1932-
1933
Lille
48.2%
1945-
1946
Lille
48.2%
1953-
1954
Lille
48.2%
2010-
2011
Lille
48.2%
1978-
1979
RC Strasbourg
47.3%
2011-
2012
Montpellier Herault
41.4%
1033-
1934
FC Sete
31.1%
1938-
1939
FC Sete
31.1%
1995-
1996
AJ Auxerroise
17.6%
1934-
1935
FC Sochaux-Montbeliard
9.9%
1937-
1938
FC Sochaux-Montbeliard
9.9%
1946-
1947
CO Roubaix-Tourcoing
8.6%
Quiz Playlist
Details
Report
Send in Message
Add To Playlist
Classic:
Type in answers that appear in a list
Last Updated: Dec 1, 2023
Quiz Scoreboard
CHALLENGE
Sign Up to Join the Scoreboard
Show All
Scores
Hide
Comments
May contain spoilers
Recently Published
Street Fighter Characters
by Artimus82
Gaming
60s
9x9 Crossword: Cartoon Network
by jackfrog10
Miscellaneous
3m
College Basketball Coaching Resumes
by pancakes188
Sports
9m
More to Explore
Quiz From the Vault
Featured Blog Post
Where Did the Easter Bunny Come From?
hide this ad
You Might Also Like...
Tags
Football Quiz
champion
France
Tournament
Winner
Today's Top Quizzes in Sports
Browse Sports
hide this ad
Today's Top Quizzes in Football
Browse Football
Top Contributed Quizzes in Sports
1
2022 World Cup Stars
2
Les meilleurs buteurs des matchs entre le PSG et l’OM
3
FIFA Club World Cup Champions
4
Les entraîneurs de l'OM et du PSG au 21e siècle
5
Criteria MLB: Left Handed Sluggers
6
2023 MLB Unique Player Accomplishments
7
AFC Teams Reveal (Wrong Answers Minefield)
8
5-to-1: FBS Animal Nicknames
9
Players with Multiple 50 Home Run Seasons
10
5-to-1: UK Sports Teams
Explore More
Trending Topics
NBA
Anime
Kpop
Crossword
Marvel
Disney
Harry Potter
The Office
Country
WWE
Song
NFL
Soccer
Pokémon
Puzzle
hide this ad
More By:
lucianochorolque
Quiz
Plays
Rating
Category
Featured
Created
UEFA Euro Winners
2,561
Sports
Dec 1, 2018
Scottish Football Champions
1,340
4.60
Sports
Dec 3, 2018
CONCACAF Champions Cup Winners
616
4.00
Sports
Nov 11, 2018
KNVB Beker Winners
441
1.67
Sports
Jan 4, 2019
Belgium Football Champions
375
1.25
Sports
Nov 18, 2018
Go to Creator's Profile
Score Distribution
Quiz Creator Spotlight
lucianochorolque
Follow
Send a Message
Quizzes Created
-
Created Quiz Play Count
-
More By This Creator
Popular Quizzes Today
1
Find the US States - No Outlines Minefield
2
Find the Countries of Europe - No Outlines Minefield
3
The Countries of the World
4
Find the US States
5
Risky Map Clicking: Biggest States A-Z
6
US States
7
Popular People in 1961
8
Movies - When Are They Set?
More Sports Quizzes
Heavyweight Boxing Champions
Published
Trending Quizzes
Risky Map Clicking: Least Populous States A-Z
Countries of the World: 200 Million BC
1-10 Letter G Words
Risky Map Clicking: Next State Alphabetically
Adjectives in 80s TV Shows
Recently Updated
Leaping Animals
pecheneg
Reality TV Shows (A-Z)
bhenderson79
Rickey Henderson's Hall of Fame Teammates
pecheneg
Champions League XIs: Arsenal
pecheneg
Quick Pick: Celebrities in WWE's Hall of Fame
aduchscher
A-Z Keypad Blitz II
pecheneg
Multiple Oscar Actors
pecheneg
Mystery Phrase Blitz: Oscar 'Best Actors'
pecheneg
F. Scott Fitzgerald Novels
LTH
Pick 3 Villains
ddd62291
Trending Topics
Marvel
Kpop
NBA
Anime
Disney
Harry Potter
Crossword
Puzzle
Country
Pokémon
Soccer
The Office
NFL
WWE
Song
Your Account Isn't Verified!
In order to create a playlist on Sporcle, you need to verify the email address you used during registration. Go to your
Sporcle Settings
to finish the process.
Report this User
Report this user for behavior that violates our
Community Guidelines
.
Details:
Send Report
Go to the Sporcle.com Mobile Site →
Comments